| 000 | 00429cam a2200181 4500 | ||
|---|---|---|---|
| 001 | D14502 | ||
| 008 | 090401t1957 xxu||||| |||| 00| 0 eng d | ||
| 035 | _a(Sirsi) u16088 | ||
| 041 | _aeng | ||
| 100 | _aWiniberg, Frederick | ||
| 245 | _aMetalliferous mine surveying | ||
| 250 | _a4th | ||
| 260 |
_aLondon _bMining Publications _c1957 |
||
| 350 | _a0 | ||
| 520 | _aShelf 137 ; 2 Copies | ||
| 942 | _n0 | ||
| 948 | _c04/03/1997 | ||
| 999 |
_c87366 _d87366 |
||